Ortaöğretime ve yükseköğretime geçiş sistemi (Record no. 6524)

MARC details
000 -BAŞLIK
Sabit Uzunlukta Kontrol Alanı 00623na a2200217 4500
001 - KONTROL NUMARASI
Denetim Alanı 19607
003 - KONTROL NUMARASI IDENTIFIER
Denetim Alanı MIRAKIL
005 - SON İŞLEM TARİHİ VE ZAMANI
Denetim Alanı 20181213155110.0
008 - SABİT-BOY VERİ ELEMANLARI - GENEL BİLGİLER
Sabit Uzunlukta Kontrol Alanı 161220b tu 000 0
020 ## - ULUSLARARASI STANDART KİTAP NUMARASI
Uluslararası Standart Kitap Numarası 9789944512886
040 ## - KATALOGLAMA KAYNAK
Orijinal Kataloglama Ajansı Milas
Kataloglama Dili tur
Metne Dönüştürmek Ajansı TR-AnCHP
041 ## - DİL KODU
Metin / Ses Parça Veya Ayrı Başlığın Dil Kodu tur
082 ## - DEWEY ONLU SINIFLANDIRMA NUMARASI
Sınıflandırma Numarası 378.16
Ürün Numarası O67 2010
090 ## - SINIFLAMA NUMARASI
Sınıflama Numarası 378.16 O67 2010
245 ## - BAŞLIK TABLOSU
Başlık Ortaöğretime ve yükseköğretime geçiş sistemi
Başlığın Kalan özet rapor
Sorumluluk Tablosu, Vb Türk Eğitim Derneği
260 ## - YAYIN, DAĞITIM, VB
Yayın, Dağıtım, Vb Yeri Ankara
Yayıncı, Dağıtıcı, Vs Adı Türk Eğitim Derneği
Yayın, Dağıtım, Vb Tarihi 2010
300 ## - FİZİKSEL TANIM
Kapsam 64 s.
Diğer Fiziksel Ayrıntıları tbl. ; grf.
Boyutlar 24 sm.
500 ## - GENEL NOT
Genel Not Kaynakça var.
710 ## - KATMA GİRİŞ - KURUMSAL ADI
Giriş Elemanı Olarak Kurumsal Ad Veya Yargı Alanı Adı Türk Eğitim Derneği
942 ## - EKLENDİ GİRİŞ ELEMANLARI (KOHA)
Sınıflandırma Veya Raf Düzeni Kaynak Dewey Decimal Classification
Koha Öğesi Türü Books
999 ## - SİSTEM KONTROL NUMARALARI (KOHA)
Koha Biblionumber 6524
Koha Biblioitemnumber 6524
Holdings
Kalıcı Konum Mevcut Konum Edinme Tarihi Edinim Kaynak Toplam Check-Out'Lar Tam Çağrı Numarası Barkod Tarih Son Görülme İtibaren Geçerli Fiyatlar Koha Öğesi Türü Kopya Sayısı
CHP Kütüphanesi CHP Kütüphanesi 12/20/2016 Bağış   378.16 O67 2010 010782 12/20/2016 12/20/2016 Books  
CHP Kütüphanesi CHP Kütüphanesi 12/20/2016 Bağış   378.16 O67 2010 010784 12/20/2016 12/20/2016 Books k.2